How Many U.S. Capitals Can You Name in 3 Minutes? - Statistics

General Stats
  • This quiz has been taken 316 times
  • The average score is 36 of 51
Answer Stats
Hint Answer % Correct
California Sacramento
89%
Georgia Atlanta
85%
Hawaii Honolulu
84%
Alaska Juneau
84%
Arizona Phoenix
84%
Massachusetts Boston
83%
Colorado Denver
83%
Florida Tallahassee
83%
New York Albany
80%
Louisiana Baton Rouge
80%
Texas Austin
79%
Indiana Indianapolis
79%
Idaho Boise
78%
Arkansas Little Rock
78%
Delaware Dover
76%
Oklahoma Oklahoma City
76%
Alabama Montgomery
74%
Illinois Springfield
74%
Iowa Des Moines
73%
Maryland Annapolis
72%
Utah Salt Lake City
72%
Maine Augusta
71%
Connecticut Hartford
71%
Oregon Salem
71%
New Mexico Santa Fe
70%
Ohio Columbus
69%
United States? Washington DC
69%
Mississippi Jackson
67%
Tennessee Nashville
67%
Nevada Carson City
66%
Montana Helena
66%
Michigan Lansing
66%
North Carolina Raleigh
66%
Kansas Topeka
66%
New Jersey Trenton
66%
Nebraska Lincoln
65%
Washington Olympia
65%
Minnesota St. Paul
65%
Rhode Island Providence
63%
Virginia Richmond
63%
West Virginia Charleston
62%
Pennsylvania Harrisburg
62%
South Dakota Pierre
62%
Missouri Jefferson City
61%
Wyoming Cheyenne
60%
North Dakota Bismarck
59%
New Hampshire Concord
59%
Wisconsin Madison
59%
Vermont Montpelier
58%
South Carolina Columbia
56%
Kentucky Frankfurt
54%
No matching quizzes found
Score Distribution
Percent of People with Each Score
Percentile by Number Answered
Your Score History
You have not taken this quiz